000 00594nam a2200169Ia 4500
008 090711s9999 xx 000 0 und d
082 _b747
100 _aपाठक सुरेश रा.
245 _aमला समजलेला दासबोध खंड - 1
260 _c1996
300 _a214
600 _aपाठक सुरेश रा.
630 _aमला समजलेला दासबोध खंड - 1
700 _aपाठक सुरेश रा.
730 _aमला समजलेला दासबोध खंड - 1
942 _cBOOK
999 _c324263
_d324263